Essential Fashion Illustration : Details /

A comprehensive reference with techniques for drawing fashions.

Bibliographic Details
Main Author: Lafuente, Maite (Author)
Corporate Author: Safari, an O'Reilly Media Company
Format: eBook
Language:English
Published: Rockport Publishers, 2007.
Edition:1st edition.
Subjects:
Online Access:Connect to this electronic resource

MARC

Tag First Indicator Second Indicator Subfields
LEADER 00000uam a2200000 a 4500
001 in00004132002
005 20260122215457.1
006 m o d
007 cr cn
008 160813s2007 xx o eng
020 |z 9781610601689 
020 |z 9781592533312 
035 |a (CaSebORM)9781592533312 
040 |d UtOrBLW 
041 0 |a eng 
100 1 |a Lafuente, Maite,  |e author.  |0 http://id.loc.gov/authorities/names/no2006064042 
245 1 0 |a Essential Fashion Illustration :  |b Details /  |c Lafuente, Maite. 
250 |a 1st edition. 
264 1 |b Rockport Publishers,  |c 2007. 
300 |a 1 online resource (192 pages) 
336 |a text  |b txt  |2 rdacontent 
337 |a computer  |b c  |2 rdamedia 
338 |a online resource  |b cr  |2 rdacarrier 
347 |a text file 
520 |a A comprehensive reference with techniques for drawing fashions. 
533 |a Electronic reproduction.  |b Boston, MA :  |c Safari,  |n Available via World Wide Web.  |d 2007. 
538 |a Mode of access: World Wide Web. 
542 |f Copyright © Rockport Publishers  |g 2007 
588 |a Online resource; Title from title page (viewed April 1, 2007) 
500 |a Electronic resource. 
655 7 |a Electronic books.  |2 local 
710 2 |a Safari, an O'Reilly Media Company. 
856 4 0 |u https://proxy.library.tamu.edu/login?url=https://go.oreilly.com/TAMU/library/view/-/9781592533312/?ar  |z Connect to this electronic resource  |t 0 
999 f f |s 9ea8f500-2a00-3127-8fd0-89cf54ee0656  |i 35724b0c-6d82-3089-b532-c7c924f7a54c  |t 0 
952 f f |a Texas A&M University  |b College Station  |c Electronic Resources  |s www_evans  |d Available Online  |t 0  |h No information provided 
998 f f |t 0  |l Available Online